Mutiny in the ark / (Record no. 153658)

MARC details
000 -LEADER
fixed length control field 00615nam a22001937a 4500
005 - DATE AND TIME OF LATEST TRANSACTION
control field 20180710101104.0
010 ## - LCCN (DPL NO)
LC control number ENG-123506
020 ## - INTERNATIONAL STANDARD BOOK NUMBER
International Standard Book Number 9788121407991
Terms of availability 400.00
035 ## - SYSTEM CONTROL NUMBER
System control number EN-107038
037 ## - SOURCE OF ACQUISITION
Source of stock number/acquisition DBAD/PUB
082 ## - DEWEY DECIMAL CLASSIFICATION NUMBER
Classification number S
100 ## - MAIN ENTRY--PERSONAL NAME
Personal name , Sharad Chandra
245 ## - TITLE STATEMENT
Title Mutiny in the ark /
Statement of responsibility, etc by Sharad Chandra
260 ## - PUBLICATION, DISTRIBUTION, ETC. (IMPRINT)
Place of publication, distribution, etc New Delhi
Name of publisher, distributor, etc National Publishing House
Date of publication, distribution, etc 2014
270 ## - ADDRESS
Address 2/35 Ansari Road, Darya Ganj
City New Delhi
Postal code 110002
300 ## - PHYSICAL DESCRIPTION
Extent 219p.
Dimensions 21cm.(Hb)
500 ## - GENERAL NOTE
General note Same ISBN No. 9788121407991 - क्रांतिरथी भगत सिंह in Hindi Book
942 ## - ADDED ENTRY ELEMENTS (KOHA)
Source of classification or shelving scheme Dewey Decimal Classification
Item type English Books
Classification part S
Call number suffix SHA
Holdings
Withdrawn status Lost status Not for loan Collection code Home library Current library Date acquired Source of acquisition Cost, normal purchase price Full call number Barcode Copy number Cost, replacement price Koha item type
    Not For Loan Non-fiction D.B.Act.Division Central Library 09/07/2018 DBAD/PUB 400.00 S CHA EN-107038 1 400.00 English Books

© Delhi Public Library
Hit Counter
free hit counter